000
00251nam a2200109Ia 4500
008
200302s9999 xx 000 0 und d
100
_a
John Brookes
245
_a
The Garden Book
260
_b
Crown Trade paperbacks
260
_c
1984
300
_a
287 P.,
999
_c
2390
_d
2390